000 00581nam a2200181 4500
001 136986
003 ES-MaACL
005 20240223063031.0
007 t|
008 070214s1963 sp r ||||1| spa d
100 0 _aSaint-Paulien,
_d1910-2000
_9101548
245 1 4 _aLos defensores
_b: novela /
_cSaint-Paulien ; traducción del francés por María Marcela Sánchez.
260 _aBarcelona :
_bPlaneta,
_c1963.
300 _a336 p. ;
_c24 cm.
700 1 _aSánchez, María Marcela.
_9102408
852 _aES-MaACL
_jC-23904
_bR.52557
999 _c136986
_d136986